000
00319nam a22001337a 4500
003
SGT
082
_a
SAT 512.02
100
_a
SATYANARAYANA,B
245
_a
DISCRETE MATHEMATICS AND GRAPH THEORY
260
_a
NEW DELHI
_b
PHI
_c
2014
300
_a
519
650
_a
DISCRETE MATHEMATICS, MATHEMATICS
942
_2
ddc
_c
FPS
_0
2
999
_c
10237
_d
10237